Flags of the World but Nordic #4 - Statistics

General Stats
  • This quiz has been taken 339 times
  • The average score is 18 of 20
Answer Stats
Picture Answer % Correct
Jamaica
97%
Kosovo
97%
Uruguay
97%
Georgia
96%
Venezuela
96%
Iraq
95%
Uzbekistan
94%
Albania
93%
Bahrain
93%
Ivory Coast
93%
Serbia
91%
Turkmenistan
90%
Barbados
89%
Fiji
87%
Hungary
86%
Peru
85%
Poland
84%
Botswana
80%
Tanzania
80%
Indonesia
46%
No matching quizzes found
Score Distribution
Percent of People with Each Score
Percentile by Number Answered
Your Score History
You have not taken this quiz